| 000 | 00800nam a2200253 i 4500 | ||
|---|---|---|---|
| 003 | DO-SdBNP | ||
| 005 | 20230613154628.0 | ||
| 007 | ta | ||
| 008 | 230613b2007 dr a|||| |||| 00| 0 spa d | ||
| 020 | _a9789945859843 | ||
| 040 |
_aDO-SdBNP _bspa _cBNPHU _erda |
||
| 082 | 4 | _222 | |
| 100 |
_943032 _aRivera Cedeño, Ernesto, _d1934- _eautor |
||
| 245 | 1 | 0 |
_aPoemas y narraciones / _cErnesto Rivera Cedeño |
| 264 | 1 |
_aSanto Domingo : _bGuerrero & Vásquez, _c2007. |
|
| 300 |
_a181 páginas : _bilustraciones ; _c22 cm. |
||
| 336 |
_2rdacontent _atexto _btxt |
||
| 337 |
_2rdamedia _asin mediación _bn |
||
| 338 |
_2rdacarrier _avolumen _bnc |
||
| 500 | _aIncluye datos biográficos del autor en la solapa de la cubierta | ||
| 590 | _aInventariado, 2023/BT | ||
| 910 | _aBtavárez | ||
| 942 |
_2ddc _cLBS1 |
||
| 999 |
_c53810 _d53810 |
||